|
|
|
|
| LEADER |
00000nam a22000007a 4500 |
| 005 |
20170523131644.0 |
| 007 |
cr|||| |||| |
| 008 |
170523c19uu9999co fr|| s|||| 0|||b1spa d |
| 035 |
|
|
|a 14752
|
| 040 |
|
|
|a vLex
|
| 090 |
|
|
|c 6688
|d 6688
|
| 245 |
0 |
0 |
|a Revista Amauta
|h [Recurso electrn̤ico]
|
| 256 |
|
|
|a Servicio en ln̕ea
|
| 260 |
|
|
|a [s.l.] :
|b Universidad del Atlǹtico.
|
| 300 |
|
|
|a 1 recurso electrn̤ico
|
| 310 |
|
|
|a Semestral
|
| 506 |
0 |
|
|a Contenido disponible en los productos indicados
|d vLex Global
|d vLex Global (Academic Edition, excluding Law Schools)
|d vLex Global (U.S. Academic Edition, Law Schools)
|d vLex Global (U.S. Academic Edition, excluding Law Schools)
|d vLex Global (Academic Edition, Law Schools)
|
| 650 |
0 |
4 |
|a Ciencias polt̕icas
|z Colombia
|
| 650 |
0 |
4 |
|a Filosofa̕
|z Colombia
|
| 650 |
0 |
4 |
|a Religin̤
|z Colombia
|
| 740 |
0 |
|
|a vLex Revistas (Servicio en ln̕ea)
|
| 856 |
4 |
0 |
|u http://vlex.com/source/revista-amauta-14752
|z Acceso restringido
|
| 942 |
|
|
|c REV
|
| 999 |
0 |
|
|a Political science
|
| 999 |
0 |
|
|a Philosophy
|
| 999 |
0 |
|
|a Religion
|